| 000 | 00601nam a2200193Ia 4500 | ||
|---|---|---|---|
| 003 | SISC | ||
| 005 | 20170126102004.0 | ||
| 008 | 140609s9999 xx 000 0 und d | ||
| 020 | _a9780071324953 | ||
| 050 |
_aHD 62.5 _b.M381 2012 |
||
| 100 | _aMason, Hugh. | ||
| 245 |
_aBrainfruit : _bturning creativity into cash from east to west / _cHugh Mason, Mark Chong |
||
| 260 |
_aSingapore : _bMcGraw-Hill Education (Asia), _c2012. |
||
| 300 |
_a315 pages : _billustrations ; _c23 cm. |
||
| 500 | _aIncludes index. | ||
| 650 | _aSuccess in business. | ||
| 942 |
_kFOR _cBK _2lcc |
||
| 999 |
_c117931 _d117931 |
||